| 000 | 00524nam a2200181Ia 4500 | ||
|---|---|---|---|
| 005 | 20250923144404.0 | ||
| 008 | 008 250917s9999 xx 000 0 eng d | ||
| 037 | _aTextual | ||
| 040 |
_aDSWL _beng _cDSWL |
||
| 041 |
_aeng _2eng |
||
| 084 |
_aT3O2, J0 _qDSWL |
||
| 100 |
_aThomsen, Carl _9824394 |
||
| 245 | 0 |
_aAdult education activities for public libraries _cby Carl Thomsen |
|
| 260 |
_aParis _bUnesco _c1950 |
||
| 300 | _a102 p. | ||
| 942 |
_cTEXL _hT3O2, J0 |
||
| 999 |
_c1438234 _d1438234 |
||